Fizika v 2-tomach. 1., 2.
Saved in:
| Main Author: | |
|---|---|
| Format: | Book |
| Language: | Russian |
| Published: |
Moskva :
Mir,
1981
|
| Tags: |
No Tags, Be the first to tag this record!
|
MARC
| LEADER | 00000nam a22000003a 4500 | ||
|---|---|---|---|
| 001 | stu91858 | ||
| 005 | 20150617225625.4 | ||
| 008 | 041129s1981------------------------rus-d | ||
| 040 | |a STU |b slo | ||
| 041 | 0 | |a rus | |
| 080 | |a 53 |7 stu_us_auth*stu7966 | ||
| 100 | 1 | |a Orear, Jay |4 aut | |
| 245 | 1 | |a Fizika v 2-tomach. 1., 2. | |
| 260 | |a Moskva : |b Mir, |c 1981 | ||
| 300 | |a s.1-336 | ||
| 300 | |a s.337-622 | ||
| 996 | |b E49741 |c E*49741 |l EE10 |s P |a 0 |w stu91858_0001 | ||
| 996 | |b E49742 |c E*49742 |l EE10 |s P |a 0 |w stu91858_0002 | ||